[Event "Mostoles op 9th"]
[Site "Mostoles"]
[Date "2018.07.25"]
[Round "9"]
[White "Casas Rios, Ramon"]
[Black "Martin Garcia, Francisco Javier"]
[Result "1-0"]
[WhiteElo "1835"]
[BlackElo "1492"]
[PlyCount "103"]
[EventDate "2018.07.17"]
[EventType "swiss"]
[EventRounds "9"]
[EventCountry "ESP"]
[SourceTitle "CBM 186 Extra"]
[Source "ChessBase"]
[SourceDate "2018.08.24"]
[SourceVersion "1"]
[SourceVersionDate "2018.08.24"]
[SourceQuality "1"]

1. c4 Nf6 2. g3 d5 3. Bg2 g6 4. Nf3 Bg7 5. 0-0 0-0 6. Nc3 c6 7. b3 Na6 8. Bb2 Bf5 9. d3 dxc4 10. bxc4 Qd7 11. Qb3 Qc8 12. Rfe1 Bh3 13. Bh1 h6 14. Rab1 Nd7 15. Ne4 Nac5 16. Nxc5 Nxc5 17. Qb4 b6 18. Bxg7 Kxg7 19. Ne5 Bd7 20. d4 Ne6 21. Qxe7 Be8 22. d5 Nd8 23. d6 Qe6 24. Qxe6 fxe6 25. d7 Bf7 26. Bxc6 Rb8 27. Red1 Kf6 28. f4 g5 29. Be4 Rg8 30. Kf2 gxf4 31. gxf4 Ke7 32. c5 Bh5 33. c6 Nf7 34. c7 Nxe5 35. cxb8Q Ng4+ 36. Ke1 Rxb8 37. Rbc1 Rd8 38. Rc7 Nf6 39. Bc6 Bg6 40. Rxa7 Be4 41. Bxe4 Nxe4 42. Rb7 b5 43. Rd4 Nd6 44. Rc7 Nf5 45. Rb4 Nd6 46. e4 Rg8 47. e5 Nf5 48. Rxb5 Rg1+ 49. Kf2 Rd1 50. Ra7 Rd4 51. d8Q+ Kxd8 52. Rb8# 1-0

[Event "Mostoles op 9th"]
[Site "Mostoles"]
[Date "2018.07.19"]
[Round "3"]
[White "Casas Rios, Ramon"]
[Black "Martin Lozano, Miguel Angel"]
[Result "1-0"]
[WhiteElo "1835"]
[BlackElo "1762"]
[PlyCount "89"]
[EventDate "2018.07.17"]
[EventType "swiss"]
[EventRounds "9"]
[EventCountry "ESP"]
[SourceTitle "CBM 186 Extra"]
[Source "ChessBase"]
[SourceDate "2018.08.24"]
[SourceVersion "1"]
[SourceVersionDate "2018.08.24"]
[SourceQuality "1"]

1. c4 f5 2. g3 Nf6 3. Bg2 e6 4. Nc3 h6 5. e4 Nc6 6. d3 Bc5 7. Nf3 fxe4 8. dxe4 0-0 9. 0-0 e5 10. a3 d6 11. h3 Nd4 12. Nxd4 Bxd4 13. Qd3 c5 14. Be3 Nh5 15. Rab1 Be6 16. Nd5 Qd7 17. Kh2 Nf6 18. b4 b6 19. Qd2 Nxd5 20. cxd5 Bf7 21. f4 Qa4 22. Rf3 Bg6 23. f5 Bh7 24. Rbf1 Bxe3 25. Qxe3 cxb4 26. f6 g5 27. h4 b3 28. hxg5 Qxe4 29. Qxb3 hxg5 30. f7+ Kg7 31. Rf6 Qc2 32. Qe3 Bg6 33. Qxg5 Rh8+ 34. Kg1 Raf8 35. R1f2 Qb1+ 36. Bf1 Qe4 37. Bg2 Qb1+ 38. Rf1 Qd3 39. Rxd6 Rh5 40. Qf6+ Kh7 41. Bf3 Qe3+ 42. Kg2 Rh6 43. Rd8 Qc5 44. d6 Be4 45. Bxe4+ 1-0

[Event "Madrid San Viator op-A 26th"]
[Site "Madrid"]
[Date "2016.06.05"]
[Round "9"]
[White "Mazo Fernandez, Roberto"]
[Black "Casas Rios, Ramon"]
[Result "1-0"]
[WhiteElo "1990"]
[BlackElo "1825"]
[PlyCount "24"]
[EventDate "2016.04.03"]
[EventType "swiss"]
[EventRounds "9"]
[EventCountry "ESP"]
[SourceTitle "EXT 2017"]
[Source "ChessBase"]
[SourceDate "2016.10.25"]
[SourceVersion "1"]
[SourceVersionDate "2016.10.25"]
[SourceQuality "1"]

1. d4 Nf6 2. c4 e6 3. Nc3 Bb4 4. Nf3 b6 5. Bg5 h6 6. Bh4 Nc6 7. e3 0-0 8. Bd3 d6 9. 0-0 Bxc3 10. bxc3 e5 11. Bxf6 Qxf6 12. Be4 exd4 1-0

[Event "Madrid San Viator op-A 26th"]
[Site "Madrid"]
[Date "2016.05.22"]
[Round "7"]
[White "Casas Rios, Ramon"]
[Black "Luque Ibanez, Manuel"]
[Result "0-1"]
[WhiteElo "1825"]
[BlackElo "1961"]
[PlyCount "44"]
[EventDate "2016.04.03"]
[EventType "swiss"]
[EventRounds "9"]
[EventCountry "ESP"]
[SourceTitle "EXT 2017"]
[Source "ChessBase"]
[SourceDate "2016.10.25"]
[SourceVersion "1"]
[SourceVersionDate "2016.10.25"]
[SourceQuality "1"]

1. Nf3 d5 2. g3 c5 3. Bg2 Nf6 4. 0-0 Nc6 5. d4 e6 6. c4 Be7 7. cxd5 exd5 8. dxc5 Bxc5 9. Qc2 Bb6 10. Nc3 0-0 11. Bg5 Be6 12. Rfd1 h6 13. Bxf6 Qxf6 14. Na4 Ba5 15. Nc5 Bf5 16. Qb3 b6 17. Na6 Rac8 18. Rac1 Nd4 19. Nxd4 Rxc1 20. Rxc1 Qxd4 21. Bxd5 Qd2 22. Rc7 Bh3 0-1

[Event "Madrid San Viator op-A 26th"]
[Site "Madrid"]
[Date "2016.04.10"]
[Round "2"]
[White "Casas Rios, Ramon"]
[Black "Villacorta Nicolas, David"]
[Result "1-0"]
[WhiteElo "1825"]
[BlackElo "1976"]
[PlyCount "99"]
[EventDate "2016.04.03"]
[EventType "swiss"]
[EventRounds "9"]
[EventCountry "ESP"]
[SourceTitle "EXT 2017"]
[Source "ChessBase"]
[SourceDate "2016.10.25"]
[SourceVersion "1"]
[SourceVersionDate "2016.10.25"]
[SourceQuality "1"]

1. Nf3 Nf6 2. g3 g6 3. Bg2 Bg7 4. d4 d6 5. 0-0 0-0 6. c4 c5 7. Nc3 Nc6 8. d5 Na5 9. Qd3 a6 10. Rb1 e5 11. b4 cxb4 12. Rxb4 Nd7 13. Na4 Re8 14. e4 Nc5 15. Nxc5 dxc5 16. Rb1 Rb8 17. Be3 b5 18. Nd2 Qb6 19. Rfc1 b4 20. Qf1 Nb7 21. Bh3 Nd6 22. Bxc8 Rbxc8 23. f3 a5 24. a3 Bf8 25. Qf2 Nb7 26. f4 Bh6 27. f5 Bxe3 28. Qxe3 Qd6 29. a4 Kg7 30. Rf1 f6 31. g4 g5 32. Kg2 Qd7 33. h4 h6 34. Nf3 Qf7 35. Rh1 Rg8 36. hxg5 hxg5 37. Rh5 Kf8 38. Rbh1 Ke8 39. Nd2 Kd7 40. Rh6 Qf8 41. R1h5 Qf7 42. Qh3 Rg7 43. Kf3 Nd6 44. Ke2 Rb8 45. Rh8 Rxh8 46. Rxh8 Rg8 47. Kd3 Qf8 48. Rh7+ Rg7 49. Nb3 Nb7 50. Qh6 1-0